=LDR 00000nam 2200000 4500 =001 INLIS000000000013695 =005 20130612105039 =008 ***********************************Ind** =035 ##$$0010-061300000013695 =041 ##$$a Ind =082 ##$$a R.339.402 105 =090 ##$$a R.339.402 105, Bul b =245 ##$$a Buletin ringkas BPS =260 ##$$a 2003 $b Jakarta =300 ##$$a 57 hlm, 21 cm =650 ##$$a Konsumen - Statistik =850 ##$$a NBPNMAT